00467nam a2200169 a 450000100060000000300090000600800410001502000150005604000280007108200160009910000200011524500550013526000400019030000150023065000290024565000230027410975CO-ViMGA141112s2004 ck r 000 u spa d a9583303100 aCO-ViMGAbspacCO-ViMGA04a918.6bA57g1 aAntei Giorgio, 10aGuia de forasteros, viajes ilustrados por Colombia aBogotá, cSeguros Bolivar, c1995 a174 p. il.14aCOLOMBIA - DESCRIPCIONES14aVIAJES 1817 - 1857